000 00377nam a2200169Ia 4500
100 _aLipschutz/Seymour
650 _aSet theory
942 _cBK
366 _f25
654 _aset theory
245 _aSet theory and related topics:Schaums
260 _bTata McGraw Hil
_c1998
082 _a511.322
_bLIP
300 _a282
546 _aENGLISH
_cproduction
999 _c24424
_d24424